| 000 | 00503nam a2200169Ia 4500 | ||
|---|---|---|---|
| 008 | 090124s9999 xx 000 0 und d | ||
| 020 | _a81-89724-80-0 | ||
| 082 | _b47087 | ||
| 245 | _a एकदाच अशी रात्र येते | ||
| 250 | _a1 | ||
| 260 | _c2007 | ||
| 300 | _a127 | ||
| 630 | _a एकदाच अशी रात्र येते | ||
| 700 | _aकिणीकर रॉय | ||
| 730 | _a एकदाच अशी रात्र येते | ||
| 942 | _cBOOK | ||
| 999 |
_c113311 _d113311 |
||